Statistiche per Quiz sulla Svezia

Clicka qui per fare il quiz!

Statistiche generali

  • Questo quiz è stato fatto 672 volte
  • Il punteggio medio è 11 su 21

Statistiche sulle risposte

DomandaRisposta% Corretto
CapitaleStoccolma
97%
Premio internazionale per la fisica,
letteratura, medicina, etc...
Premio {Nobel}
90%
Azienda che produce mobiliIKEA
88%
Regione che comprende Svezia,
Norvegia e Danimarca
Scandinavia
82%
ValutaCorona svedese
74%
Grande città vicino alla DanimarcaMalmö
73%
Gruppo musicale pop svedeseABBA
69%
Principali marchi automobilisticiVolvo
59%
Si celebra il 13 dicembreSanta {Lucia}
58%
Seconda città più grandeGöteborg
50%
Tennista
vincitore di 11 titoli al Grande Slam
Björn Borg
47%
La Chiesa di Svezia è una chiesa di stampoLuterano
47%
Cognome dell'attrice Ingrid e del
regista Ingmar
Bergman
45%
"Svezia" in svedeseSverige
45%
Principali marchi automobilisticiSaab
36%
Marchio di vodka più famosoAbsolut
33%
Pesce base di molti piatti tipici (spesso in salamoia)Aringa
30%
Golfo tra Svezia e FinlandiaGolfo di {Botnia}
30%
Ponte che collega la città precedente a CopenaghenPonte di Øresund
29%
Isola più grandeGotland
25%
Serie di libri con Lisbeth SalanderMillennium
21%

Distribuzione punteggi

Percentile per numero di risposta

Percentuale di utenti per punteggio

I tuoi punteggi nel tempo

Non hai fatto questo quiz